| 000 | 01064cab a2200241 4500 | ||
|---|---|---|---|
| 001 | ABS47137 | ||
| 008 | 090401t1992 xxu||||| |||| 00| 0 eng d | ||
| 035 | _a(Sirsi) u60914 | ||
| 041 | _aeng | ||
| 245 | _aTrainee surveyors and PI insurance | ||
| 260 | _c1992 | ||
| 350 | _a0 | ||
| 490 |
_aEstates Gazette _v(9235) 5 September 1992, 137(1) |
||
| 520 | _aDiscusses the controversial topic of trainee surveyors and professional indemnity insurance in the light of the recent CA decision "Summers v Congreve Horner" 1992 overturning the Official Referees Division ruling that a firm of surveyors were not entitled to claim from their professional indemnity insurers as the work had been carried out by a trainee surveyors without adequate supervision. Gives background to the case. | ||
| 650 | _aPROFESSIONAL INDEMNITY INSURANCE | ||
| 650 | _aRICS | ||
| 650 | _aSUMMERS V CONGREVE HORNER | ||
| 650 | _aSUPERVISION | ||
| 650 | _aTRAINEE SURVEYORS | ||
| 690 | _aMANAGEMENT-BUSINESS MANAGEMENT-PROFESSIONAL PRACTICE | ||
| 942 | _n0 | ||
| 948 | _c04/03/1997 | ||
| 999 |
_c37664 _d37664 |
||